header

The North Korean revolution, 1945-1950 (Record no. 16059)

MARC details
000 -LEADER
fixed length control field 01325nam a2200337Ia 4500
082 04 - DEWEY DECIMAL CLASSIFICATION NUMBER
Classification number 951.9304/1
100 1# - MAIN ENTRY--AUTHOR NAME
Personal name Armstrong, Charles K.
245 14 - TITLE STATEMENT
Title The North Korean revolution, 1945-1950
260 ## - PUBLICATION, DISTRIBUTION, ETC. (IMPRINT)
Place of publication Ithaca :
Name of publisher Cornell University Press,
Year of publication 2003.
300 ## - PHYSICAL DESCRIPTION
Number of Pages xv, 265 p. :
Other physical details ill.
490 0# - SERIES STATEMENT
Series statement Studies of the East Asian Institute
650 #0 - SUBJECT ADDED ENTRY--TOPICAL TERM
Topical Term Revolutions
856 40 - ELECTRONIC LOCATION AND ACCESS
Uniform Resource Identifier http://site.ebrary.com/lib/rucke/Doc?id=10713283

No items available.

© 2026 Rongo University
Contact us: librarian | system librarian | Rongo university